| 000 | 00846nam a22003137a 4500 | ||
|---|---|---|---|
| 001 | BR0505046 | ||
| 003 | BR-BrBNA | ||
| 005 | 20230928102031.0 | ||
| 007 | ta | ||
| 008 | 230509b bl.||||| |||| 00| 0 por d | ||
| 040 |
_aBR-BrBNA _bpor _cBiblioteca Nacional de Agricultura |
||
| 041 | _a(Por) | ||
| 072 |
_aB50 _b0230 _b9320 |
||
| 090 | _ 0230 BR0505046 | ||
| 100 | 1 | _aCastro, M. | |
| 100 | 1 | _aOliveira, F.B. de | |
| 110 | 1 |
_aFundação Cargill, São Paulo, SP (Brasil) _94794 |
|
| 245 | 1 | _aCinco séculos de ousadia | |
| 260 | 3 |
_aSão Paulo, SP (Brasil): _c2004. |
|
| 300 | _a164 p. | ||
| 500 | _a104 illus. | ||
| 650 | _aCANA DE AÇÚCAR | ||
| 650 | _aAÇÚCAR | ||
| 650 | _aINDÚSTRIA AGRÍCOLA | ||
| 650 | _aHISTÓRIA | ||
| 650 | _aDESENVOLVIMENTO SÓCIO-ECONÔMICO | ||
| 909 |
_a202309 _bLucia _c55 _dLucia Elande |
||
| 942 | _cBK | ||
| 999 |
_c68807 _d68807 |
||